| 000 | 00737cab a2200229 4500 | ||
|---|---|---|---|
| 001 | ABS50334 | ||
| 008 | 090401t1994 xxu||||| |||| 00| 0 eng d | ||
| 035 | _a(Sirsi) u75344 | ||
| 041 | _aeng | ||
| 100 | _aMynors, C. | ||
| 245 | _aM`Learned friend | ||
| 260 | _c1994 | ||
| 350 | _a0 | ||
| 490 |
_aContext _v(41) March 1994, 26-27(2) |
||
| 520 | _aForms the first part of an extended guide to preparing proofs for appeals and inquiries. Looks at conservation evidence at planning appeals and the structure of the proof, and considers how best this can be done. | ||
| 650 | _aPLANNING APPEALS | ||
| 650 | _aPLANNING INQUIRIES | ||
| 650 | _aPROOFS | ||
| 690 | _aPLANNING LAW AND PRACTICE | ||
| 942 | _n0 | ||
| 948 | _c04/03/1997 | ||
| 999 |
_c47457 _d47457 |
||